Quiz o Gorzowie Wielkopolskim - Statystyki

Ogólne statystyki
  • Ten quiz został rozwiązany 406 razy
  • Średni wynik to 9 z 17
Statystyki odpowiedzi
Wskazówka Odpowiedź % Poprawnych
Klub żużlowy, w którego barwach wychował się Bartosz Zmarzlik Stal Gorzów
82%
Osiedle dzielące nazwę z jednym z okręgów Nowego Jorku Manhattan
73%
Popowy piosenkarz znany z takich utworów, jak Bez Ciebie i Proste Dawid Kwiatkowski
68%
Nazwij dowolne miasto do 30 km w linii prostej od centrum Gorzowa Barlinek | Lubniewice | Skwierzyna | Strzelce Krajeńskie | Witnica
64%
Największa galeria handlowa na terenie miasta NoVa Park
59%
Niemiecka nazwa miasta Landsberg an der Warthe
57%
Kompleks sportowy z basenem i lodowiskiemna pograniczu Piasków i Osiedla Staszica Słowianka
54%
Kod pocztowy Gorzowa 66-400
53%
Osiedle Gorzowa, na którym znajduje się stadion tego klubu Zawarcie
52%
Flaga Gorzowa odwrócona do góry nogami jestniemal taka sama, jak flaga tego państwa Węgry
51%
Prezydent miasta Jacek Wójcicki
50%
Park położony w centrum miasta, przez który owa rzeka przepływa Park Wiosny Ludów
49%
Rzeka wpadająca do Warty w okolicach mostu kolejowego, także nazwa jednego z połączeń Regio między Poznaniem Głównym, a Kostrzynem Kłodawka
48%
Najwyższy budynek w województwie, licząc antenę na jego szczycie Lubuski Urząd Wojewódzki
43%
Ulica, przy której znajduje się przystanek kolejowyGorzów Wielkopolski Wschodni Teatralna
41%
Kanał odprowadzający nadmiar wody z Warty Kanał Ulgi
35%
Dwukrotny mistrz olimpijski w wioślarstwie i były poseł Tomasz Kucharski
25%
Nie znaleziono quizów pasujących do podanych kryteriów
Rozkład punktacji
Procent ludzi z każdym wynikiem
Percentyl według liczby udzielonych odpowiedzi
Twoja historia wyników
Nie rozwiązałeś tego quizu